000 00289nam a22001457a 4500
003 SGT
082 _aRAG 530
100 _aRAGHUVANSHI,G.S
245 _aENGINEERING PHYSICS
250 _a3RD
260 _aNEW DELHI
_bPHI
_c2016
300 _a540
650 _aPHYSICS
942 _2ddc
_cFPS
999 _c10081
_d10081